Código internacional recomendado de prácticas para el pescado congelado /

Guardado en:
Autor Corporativo: Organización de las Naciones Unidas para la Agricultura y la Alimentación
Formato: Libro
Idioma:Spanish
Publicado: Roma : Organización de las Naciones Unidas para la Agricultura y la Alimentación, 1980.
Series:Programa conjunto FAO/OMS sobre normas alimentarias. CAC/RCP 16-1978
Etiquetas: Agregar Etiqueta
Sin Etiquetas, Sea el primero en etiquetar este registro!
LEADER 00736nam a22001575a 4500
001 EUN.um037182
003 AR-BaUNS
005 20050623122909.0
008 041125s1980####it############000#0#spa#d
245 1 0 |a Código internacional recomendado de prácticas para el pescado congelado /  |c Organización de las Naciones Unidas para la Agricultura y la Alimentación. 
260 |a Roma :  |b Organización de las Naciones Unidas para la Agricultura y la Alimentación,  |c 1980. 
300 |a 64 p. 
490 0 |a Programa conjunto FAO/OMS sobre normas alimentarias. CAC/RCP 16-1978 
082 0 4 |a 664.9 
110 2 |a Organización de las Naciones Unidas para la Agricultura y la Alimentación  |c Roma. 
859 |a Ar-BaUNS  |b BIB. CENTRAL - Sector B  |h 664.9  |i Or14-4  |p 87875/981